000
00259nam a2200109Ia 4500
008
231212s1967 xx 000 0 und d
041
_a
eng
082
_a
621.3811
100
_a
Kvo B.C.
245
_a
Automatic Control Systems
260
_a
Delhi
_b
Printic
_c
1967
999
_c
958945
_d
958945